Normal view
MARC view
Entry Personal Name
001 - CONTROL NUMBER
- control field: 11659
003 - CONTROL NUMBER IDENTIFIER
- control field: BD-RjUL
005 - DATE AND TIME OF LATEST TRANSACTION
- control field: 20240212105354.0
008 - FIXED-LENGTH DATA ELEMENTS
- fixed length control field: 240212|| aca||aabn | a|a d
040 ## - CATALOGING SOURCE
- Original cataloging agency: BD-RjUL
- Transcribing agency: BD-RjUL
100 ## - HEADING--PERSONAL NAME
- Personal name: Walpole, Hugh,
- Dates associated with a name: 1884-1941
670 ## - SOURCE DATA FOUND
- Source citation: Work cat.: (BD-RjUL)83051: Walpole, Hugh, 1884-1941., The bright pavilions :, 1940,[reprinted 1953]